BIBLIOTHÈQUE DE LA MAISON DU MEXIQUE

Logo 1 Logo 2

El mayorazgo de Nava Chávez (notice nᵒ 6194)

détails MARC
000 -Sello discográfico
campo de control de longitud fija 01278nam a2200337 4500
005 - Identificación de versión
campo de control 20251016084611.0
010 ## - Número Estándar Internacional de Libros (ISBN)
Número (ISBN) 6029340035620
099 ## - fechas locales
Tipo de ítem Koha LIBRO
100 ## - Datos de procesamiento general
Datos de procesamiento general 20220926d2019 m y1spay5003 ba
105 ## - Campo de datos codificados: Material textual, monográfico
Datos codificados de monografía a 001zy
200 1# - Título y mención de responsabilidad
Título propio El mayorazgo de Nava Chávez
Designación general del material texto impreso
Otra información del título historia y arqueología
Primer mención de responsabilidad Textos Gabriela Sánchez Reyes, Mirsa Islas Orozco, Miguel Angel Báez Pérez
205 ## - Declaración de edición
Declaración de edición 1a ed
210 ## - Publicación, distribución, etc.
Lugar de publicación, distribución, etc. México
Nombre del editor, distribuidor, etc. Instituto Nacional de Antropología e Historia
Fecha de publicación, distribución, etc. 2019
215 ## - Descripción física
Designación de material específico y extensión del ítem 16 p
Otras características físicas il.
Dimensiones 30 cm
318 ## - Nota de acción
Acción No se presta a domicilio
345 ## - Nota de información de adquisición
Fuente de adquisición/dirección de la suscripción [OBSOLETO] Donación Patricia Ledesma Bouchan
601 ## - Nombre de entidad corporativa utilizado como temática
Elemento de entrada Casa del Mayorazgo Nava Chávez
Subdivisión geográfica Ciudad de México
Número Koha 11757
606 ## - Término temático usado como materia
Elemento de entrada Excavaciones (Arqueología)
Subdivisión geográfica México
Número Koha 126
660 ## - Código de área geográfica
Código MX
702 ## - Nombre personal - Responsabilidad secundaria
Elemento de entrada Báez Pérez
Parte del nombre distinta del elemento de entrada Miguel Angel
Número Koha 11758
702 ## - Nombre personal - Responsabilidad secundaria
Elemento de entrada Islas Orozco
Parte del nombre distinta del elemento de entrada Mirsa
Número Koha 11759
702 ## - Nombre personal - Responsabilidad secundaria
Elemento de entrada Sánchez Reyes
Parte del nombre distinta del elemento de entrada Gabriela
Número Koha 11760
801 #0 - Fuente de origen
País FR
Agencia cm
Reglas de catalogación (convenciones descriptivas) AFNOR
856 ## - Localización electrónica y acceso
Identificador Uniforme de Recurso https://www.academia.edu/43368466/El_Mayorazgo_de_Nava_Chávez_Historia_y_Arqueología
900 ## -
-- 1/21768
900 ## -
-- 7100417642\080104
942 ## - ELEMENTOS DE ENTRADA SECUNDARIOS (KOHA)
Tipo de ítem Koha Livre
996 ## -
-- MEX
-- 751145101
-- MMAG
-- 006875
-- R913.72 S194MAY
-- 20220926LIV
Exemplaires
Estatus retirado Estado de daño Estado de pérdida Fecha de adquisición Biblioteca de origen Biblioteca actual Ubicación en estantería Código de barras Precio de reemplazo Signatura topográfica completa No para préstamo Tipo de ítem Koha Nota pública Nota no pública
      05/08/2025 Casa México Paris Casa México Paris   006875 05/08/2025 R913.72 S194MAY No se presta a domicilio Livre 20220926LIV 751145101